000 00661nam a2200193Ia 4500
003 GCL
008 140319s9999 xx 000 0 ara d
040 _aGCL /
_cGCL
082 0 4 _a811.05
_bا ق
100 1 _aجليل العطية (تحقيق)
245 1 0 _aالقيان /
_cجليل العطية (تحقيق)
700 1 _aابوالفرج الاصفهانى: على بن الحسين بن محمد بن الهيثم عبدالرحمن بن مروان البغدادى
300 _a153 ص
490 _a
650 0 4 _aالشعر العربى
650 0 4 _aالشعر الغنائى
650 0 4 _aابوالفرج الاصفهانى
942 _2ddc
_cBK
999 _c38810
_d38810